The Atlas of snakes of the world
| Main Author: | |
|---|---|
| Format: | Book |
| Published: |
New Jersey :
Tropical Fish Hobbyist ,
1991
|
| Subjects: |
MARC
| LEADER | 00000cam a2200000 7i4500 | ||
|---|---|---|---|
| 001 | 0000002146 | ||
| 002 | 000002342 | ||
| 005 | 20020412.0 | ||
| 020 | |a 0866227490 | ||
| 090 | 0 | 0 | |a 597.960223 |b COB |
| 100 | 1 | |a Coborn, John | |
| 245 | 1 | 4 | |a The Atlas of snakes of the world |c John Coborn |
| 260 | |a New Jersey : |b Tropical Fish Hobbyist , |c 1991 | ||
| 300 | |a 591p : |b ill. | ||
| 650 | 0 | 0 | |a Reptiles |x Atlases |
| 650 | 0 | 0 | |a Snakes |x Atlases |
| 999 | |a 00101378 |b BUKU |c RUJUKAN |e PERPUSTAKAAN KOMUNITI PETALING JAYA | ||
| 999 | |a 028213 |b BUKU |c RUJUKAN |e PERPUSTAKAAN KOMUNITI PETALING JAYA | ||